Catálogo

Past, present and future of Juan Diego : (Registro nro. 24281)

Detalles MARC
000 -LEADER
fixed length control field 01081cam a2200289 i 4500
001 - CONTROL NUMBER
control field 24281
003 - CONTROL NUMBER IDENTIFIER
control field Mx-PuUPA
005 - DATE AND TIME OF LATEST TRANSACTION
control field 20250508151056.0
008 - FIXED-LENGTH DATA ELEMENTS--GENERAL INFORMATION
fixed length control field 140415s1973 mx a fr 001 0 eng d
040 ## - CATALOGING SOURCE
Original cataloging agency Mx-PuUPA
Language of cataloging spa
Transcribing agency Mx-PuUPA
Modifying agency Mx-PuUPA
Description conventions rda
041 0# - LANGUAGE CODE
Language code of text/sound track or separate title eng
100 1# - MAIN ENTRY--PERSONAL NAME
Personal name Wahlig, Charles J.,
9 (RLIN) 17028
Relator term autor
245 10 - TITLE STATEMENT
Title Past, present and future of Juan Diego :
Remainder of title heroic figure of the natural and supernatural /
Statement of responsibility, etc. C. J. Wahlig
246 14 - VARYING FORM OF TITLE
Title proper/short title Juan Diego :
Remainder of title past, present and future of the heroic figure of the natural and supernatural
250 ## - EDITION STATEMENT
Edition statement Second edition
264 #1 - PRODUCTION, PUBLICATION, DISTRIBUTION, MANUFACTURE, AND COPYRIGHT NOTICE
Place of production, publication, distribution, manufacture México, D.F. :
Name of producer, publisher, distributor, manufacturer Editorial Progreso,
Date of production, publication, distribution, manufacture, or copyright notice 1973
300 ## - PHYSICAL DESCRIPTION
Extent 148 páginas :
Other physical details ilustraciones ;
Dimensions 17 cm
336 ## - CONTENT TYPE
Fuente rdacontent
Content type term texto
Content type code txt
337 ## - MEDIA TYPE
Source rdamedia
Media type term sin medio
Media type code n
338 ## - CARRIER TYPE
Source rdacarrier
Carrier type term volumen
Carrier type code nc
600 04 - SUBJECT ADDED ENTRY--PERSONAL NAME
Personal name Juan Diego, Santo
Dates associated with a name 1474-1543
Form subdivision Biografía
600 04 - SUBJECT ADDED ENTRY--PERSONAL NAME
Personal name Guadalupe, Virgen de
General subdivision Apariciones y milagros
650 #7 - SUBJECT ADDED ENTRY--TOPICAL TERM
Topical term or geographic name entry element Católicos
Geographic subdivision México
General subdivision Historia
Source of heading or term armarc
942 ## - ADDED ENTRY ELEMENTS (KOHA)
Source of classification or shelving scheme Dewey Decimal Classification
Koha item type Libro
Classification part 270.092
Item part W36
Existencias
Withdrawn status Lost status Source of classification or shelving scheme Damaged status Not for loan Collection code Home library Current library Shelving location Total Checkouts Full call number Barcode Date last seen Price effective from Koha item type
    Dewey Decimal Classification     General Centro de Estudios Guadalupanos Centro de Estudios Guadalupanos Sala general   270.092 W36 1973 45634 05/01/2026 03/12/2013 Libro